000 01047nam a2200289Ia 4500
003 OSt
005 20220923211429.0
006 a|||||r|||| 00| 0
007 ta
008 220922b |||||||| |||| 00| 0 hin d
020 _a9789326351386 (hbk)
_c170
024 _a284,851
037 _b30, 14/03/2015, P. K. Books
_cTextual
040 _aARTS
_cARTS
_bhin
041 _2hin
_ahin
082 _aO157,3N09,YJ, 152Q3
100 _aआशापूर्णा देवी
_9156263
245 0 _aये जीवन है
246 _aYe jīvan hai
250 _a5 संस्करण
260 _aनयी दिल्ली
_b भारतीय ज्ञानपीठ
_c2013
300 _a192पृ.
_ccm.
490 _aराष्ट्रीयभारती; ग्रन्थांक 670
650 _aबंगाली साहित्य
_9156264
942 _hO157,3N09,YJ, 152Q3
_cTEXL
_2CC
999 _c299377
_d299377